Wanted : An Asian policy
Đã lưu trong:
| 主要作者: | |
|---|---|
| 格式: | 圖書 |
| 語言: | Undetermined |
| 出版: |
New York
Knopf
1955
|
| 主題: | |
| 標簽: |
添加標簽
沒有標簽, 成為第一個標記此記錄!
|
| Thư viện lưu trữ: | Trung tâm Học liệu Trường Đại học Cần Thơ |
|---|
| LEADER | 00523nam a2200205Ia 4500 | ||
|---|---|---|---|
| 001 | CTU_89838 | ||
| 008 | 210402s9999 xx 000 0 und d | ||
| 082 | |a 327.73095 | ||
| 082 | |b R375 | ||
| 100 | |a Reischauer, Edwin O. | ||
| 245 | 0 | |a Wanted : | |
| 245 | 3 | |b An Asian policy | |
| 245 | 0 | |c Edwin O. Reischauer | |
| 260 | |a New York | ||
| 260 | |b Knopf | ||
| 260 | |c 1955 | ||
| 650 | |a Foreign relations | ||
| 650 | |z United States,Asia | ||
| 904 | |i Bằng | ||
| 980 | |a Trung tâm Học liệu Trường Đại học Cần Thơ | ||